| 000 | 01361cam a22003015a 4500 | ||
|---|---|---|---|
| 001 | L146307 | ||
| 002 | 17576 | ||
| 008 | 090107s2009 xxk f 000 0 eng d | ||
| 020 | _a9781842194188 | ||
| 035 | _a(Sirsi) u146307 | ||
| 041 | 0 | _aeng | |
| 050 | 0 | 4 | _a690.2 $2 18 |
| 110 | 2 |
_aWatts Group Plc _95510 |
|
| 245 | 0 | 0 | _aWatts Pocket Handbook 2009 |
| 250 | _a25th ed. | ||
| 260 |
_a[London] _bRICS _c2009 |
||
| 300 |
_aviii, 456p. _c18cm. |
||
| 350 | _a24.95 | ||
| 505 | 2 | _aProperty investment and ownership -- Development and procurement -- Cost management -- Legislation -- Design -- Materials and defects -- Sustainability -- Maintenance management -- Useful resources -- Index -- Watts Group directory | |
| 520 | _a2009 edition of this annual publication providing legal and technical advice and guidance for those working in property and construction. New content in this edition includes: affordable housing schemes; letters of intent; payments for planning permissions; practical completion; recovery of service charges for major works; surveyors and sustainability; and uniform business rates. | ||
| 520 | _aSupersedes 24th edition (ISBN 9781842193501). | ||
| 520 | _aSuperseded by 26th edition (ISBN 9781842195512). | ||
| 521 | _aAdvanced | ||
| 590 | _aKA | ||
| 651 | 4 |
_aUnited Kingdom _y |
|
| 690 | _aBUILT ENVIRONMENT | ||
| 942 | _n0 | ||
| 999 |
_c109106 _d109106 |
||